States That Border Tennessee Quiz Stats

 Plays Quiz Updated Oct 16, 2017

Challenge
Share
Tweet
Embed
Score 0/8 Timer 01:00
1 Play Today
State % Correct
Kentucky
95.6%
Alabama
88.4%
Georgia
86%
Mississippi
84.8%
North Carolina
84.3%
Arkansas
80.6%
Virginia
80.4%
Missouri
79.2%

You're not logged in!

Compare scores with friends on all Sporcle quizzes.
Join for Free
OR
Log In

You Might Also Like...

Show Comments

Extras

Top Quizzes Today


Score Distribution

Your Account Isn't Verified!

In order to create a playlist on Sporcle, you need to verify the email address you used during registration. Go to your Sporcle Settings to finish the process.

Report this User

Report this user for behavior that violates our Community Guidelines.

Details: